000 00781nam a2200265Ia 4500
005 20260121172815.0
008 008 260114s9999 xx 000 0 eng d
020 _a9783030699840
037 _aEBOOK
040 _aCRL
040 _beng
040 _cCRL
041 _2eng
041 _aeng
084 _qCRL
100 _aHamid R. Arabnia, Leonidas Deligiannidis, Michael R. Grimaila, Douglas D. Hodson, Kazuki Joe, Masakazu Sekijima, Fernando G. Tinetti
_91092969
245 0 _aAdvances in Parallel & Distributed Processing, and Applications
260 _bSpringer
260 _bSpringer
260 _c2021
856 _uhttps://link.springer.com/openurl?genre=book&isbn=978-3-030-69984-0
942 _cEBOOK
999 _c1658710
_d1658710